000 00406nam a2200133 4500
005 20260530115310.0
100 1 _aLotus Prize • Hunan China
_932674
245 1 0 _aLotus Prize / Harmonius and innovative Community
264 1 _bHunan Ch • Industrial Design Association China
_c2007
300 _a224 páginas
336 _atexto
_2rdacontent
337 _asin medio
_2rdamedia
338 _avolumen
_2rdacarrier
999 _c13306
_d13306